[Event "Rio de Janeiro Duchamp op 4th"]
[Site "Rio de Janeiro"]
[Date "2022.12.09"]
[Round "3"]
[White "Arruda Filho, Ivo Pereira de"]
[Black "Cordero, Daniela"]
[Result "0-1"]
[WhiteElo "1679"]
[BlackElo "1967"]
[PlyCount "116"]
[EventDate "2022.12.07"]
[EventType "swiss"]
[EventRounds "9"]
[EventCountry "BRA"]
[SourceTitle "CBM 211 Extra"]
[Source "ChessBase"]
[SourceDate "2023.01.31"]
[SourceVersion "1"]
[SourceVersionDate "2023.01.31"]
[SourceQuality "1"]

1. Nf3 Nf6 2. d4 g6 3. g3 Bg7 4. Bg2 0-0 5. 0-0 d6 6. Nbd2 Nbd7 7. e4 e5 8. c3 Qe7 9. Re1 c6 10. Qc2 a5 11. a4 Nb6 12. b3 Qc7 13. Bb2 c5 14. d5 Nh5 15. c4 f5 16. exf5 gxf5 17. Nh4 Qf7 18. Ndf3 h6 19. h3 Bd7 20. Rad1 Nc8 21. Re2 Ne7 22. Rde1 Rae8 23. Kh2 Kh8 24. Bc3 b6 25. Qb2 Nf6 26. Bxe5 dxe5 27. Nxe5 Qh5 28. d6 Neg8 29. Nhg6+ Kh7 30. Bf3 Ng4+ 31. Kg2 Qxg6 32. Nxg6 Bxb2 33. Nxf8+ Rxf8 34. hxg4 Bf6 35. gxf5 Bxf5 36. g4 Bd7 37. Be4+ Kg7 38. f3 Bc3 39. Bd5 Bxe1 40. Rxe1 Kf6 41. Kg3 Kg7 42. f4 Re8 43. Rxe8 Bxe8 44. Be6 Nf6 45. f5 Ne4+ 46. Kf4 Nxd6 47. Ke5 Nf7+ 48. Bxf7 Kxf7 49. Kd6 Kf6 50. Kc7 Kg5 51. Kd8 Bf7 52. Ke7 Bg8 53. Kd6 Kxg4 54. Kc6 h5 55. Kxb6 h4 56. Kxa5 h3 57. Kb6 h2 58. a5 h1Q 0-1

[Event "BOL-ch (Women)"]
[Site "Santa Cruz"]
[Date "2022.05.22"]
[Round "7"]
[White "Monroy Garzon, Nataly Alejandra"]
[Black "Cordero, Daniela"]
[Result "1/2-1/2"]
[WhiteElo "1898"]
[BlackElo "2037"]
[PlyCount "81"]
[EventDate "2022.05.19"]
[EventType "tourn"]
[EventRounds "7"]
[EventCountry "BOL"]
[SourceTitle "EXT 2023"]
[Source "ChessBase"]
[SourceDate "2022.10.05"]
[SourceVersion "1"]
[SourceVersionDate "2022.10.05"]
[SourceQuality "1"]

1. d4 e6 2. Nf3 f5 3. g3 Nf6 4. Bg2 d5 5. c4 c6 6. 0-0 Bd6 7. a4 a5 8. Bf4 Bxf4 9. gxf4 0-0 10. e3 Bd7 11. Ne5 Be8 12. Nd2 Bh5 13. Bf3 Bxf3 14. Qxf3 Nbd7 15. Nxd7 Qxd7 16. b3 Qe7 17. Qe2 c5 18. dxc5 Rac8 19. Nf3 Rxc5 20. cxd5 Nxd5 21. Nd4 e5 22. fxe5 Qxe5 23. Nf3 Qe4 24. Nd2 Qe7 25. Qf3 f4 26. e4 Nb4 27. Kh1 Qh4 28. Rg1 Nc2 29. Rg4 Qf6 30. Rag1 g6 31. Nc4 Nd4 32. Qd3 Rd8 33. e5 Qc6+ 34. R1g2 Kg7 35. h4 Qf3 36. Rxg6+ hxg6 37. Qxg6+ Kf8 38. Qf6+ Ke8 39. Qg6+ Ke7 40. Qf6+ Ke8 41. Qg6+ 1/2-1/2

[Event "BOL-ch (Women)"]
[Site "Santa Cruz"]
[Date "2022.05.20"]
[Round "2"]
[White "Cordero, Daniela"]
[Black "Molina, Jessica"]
[Result "0-1"]
[WhiteElo "2037"]
[BlackElo "1871"]
[PlyCount "84"]
[EventDate "2022.05.19"]
[EventType "tourn"]
[EventRounds "7"]
[EventCountry "BOL"]
[SourceTitle "EXT 2023"]
[Source "ChessBase"]
[SourceDate "2022.10.05"]
[SourceVersion "1"]
[SourceVersionDate "2022.10.05"]
[SourceQuality "1"]

1. d4 Nf6 2. c4 e6 3. Nf3 d5 4. g3 c6 5. Qc2 Be7 6. Bg2 0-0 7. 0-0 b6 8. Rd1 Ba6 9. Nbd2 Nbd7 10. b3 Rc8 11. e4 c5 12. exd5 exd5 13. dxc5 Bxc5 14. Bb2 Ng4 15. Nd4 Ndf6 16. Qf5 g6 17. Qf4 Bd6 18. Qg5 h6 19. Qh4 g5 20. Qh3 h5 21. N2f3 Nxf2 22. Kxf2 g4 23. Qh4 gxf3 24. Qg5+ Kh7 25. Qf5+ Kg8 26. Bxf3 Ne4+ 27. Bxe4 dxe4 28. Qxe4 Qf6+ 29. Qf5 Qg6 30. Kg1 Bc5 31. Rf1 Rcd8 32. Rad1 Bc8 33. Qxg6+ fxg6 34. a3 a5 35. h4 Bg4 36. Rd2 Rfe8 37. Kg2 Re3 38. Rff2 Bd6 39. Nc6 Rxg3+ 40. Kh2 Rd3+ 41. Kg1 Bc5 42. Nxd8 Rxd2 0-1

[Event "BOL-ch (Women)"]
[Site "Santa Cruz"]
[Date "2022.05.19"]
[Round "1"]
[White "Coro, Soledad"]
[Black "Cordero, Daniela"]
[Result "0-1"]
[WhiteElo "1713"]
[BlackElo "2037"]
[PlyCount "90"]
[EventDate "2022.05.19"]
[EventType "tourn"]
[EventRounds "7"]
[EventCountry "BOL"]
[SourceTitle "EXT 2023"]
[Source "ChessBase"]
[SourceDate "2022.10.05"]
[SourceVersion "1"]
[SourceVersionDate "2022.10.05"]
[SourceQuality "1"]

1. c4 e5 2. Nc3 Bb4 3. Qc2 Nf6 4. g3 h5 5. h4 Nc6 6. Nf3 d6 7. d3 Bg4 8. Bg2 Qd7 9. Be3 d5 10. cxd5 Nxd5 11. Nd2 Nxe3 12. fxe3 0-0 13. Nd5 Bd6 14. Ne4 f5 15. Nxd6 cxd6 16. 0-0 Ne7 17. Rac1 Nc6 18. b4 Rac8 19. Qd2 Ne7 20. Nxe7+ Qxe7 21. Bd5+ Kh7 22. Rxc8 Rxc8 23. Bc4 a6 24. a4 Qd7 25. a5 d5 26. Bb3 Qd6 27. d4 exd4 28. Rf4 Rc3 29. Bc2 Rxe3 30. Qxd4 Rxe2 31. Qd3 Qe5 32. Rxg4 hxg4 33. Qxf5+ Qxf5 34. Bxf5+ Kh6 35. Bxg4 Rb2 36. Bf3 Rxb4 37. Bxd5 Rb5 38. Be4 b6 39. axb6 Rxb6 40. Bd5 a5 41. g4 Rb4 42. Be6 a4 43. Kf2 a3 44. Kg3 Rb2 45. g5+ Kh7 0-1

[Event "Montevideo Duchamp Cup 5th"]
[Site "Montevideo"]
[Date "2022.02.15"]
[Round "5"]
[White "Cordero, Daniela"]
[Black "Silva Rosas, Natalia"]
[Result "1-0"]
[WhiteElo "2011"]
[BlackElo "1777"]
[PlyCount "59"]
[EventDate "2022.02.12"]
[EventType "swiss"]
[EventRounds "9"]
[EventCountry "URU"]
[SourceTitle "CBM 206 Extra"]
[Source "ChessBase"]
[SourceDate "2022.03.31"]
[SourceVersion "1"]
[SourceVersionDate "2022.03.31"]
[SourceQuality "1"]

1. d4 f5 2. c4 Nf6 3. Nf3 g6 4. b4 Bg7 5. Qb3 e6 6. Nc3 0-0 7. e3 c6 8. Be2 d5 9. b5 Qb6 10. Ba3 Re8 11. 0-0 Nbd7 12. Rab1 Qc7 13. Rfc1 Qd8 14. bxc6 bxc6 15. cxd5 Rb8 16. Qa4 Rxb1 17. Rxb1 cxd5 18. Qxa7 Bf8 19. Bxf8 Nxf8 20. a4 Re7 21. Qc5 Rc7 22. Qa3 Rb7 23. Rxb7 Bxb7 24. a5 N8d7 25. a6 Qa8 26. Qd6 Qc8 27. axb7 Qxc3 28. b8Q+ Nxb8 29. Qxe6+ Kg7 30. Qe7+ 1-0

[Event "Montevideo Duchamp Cup 5th"]
[Site "Montevideo"]
[Date "2022.02.13"]
[Round "3"]
[White "Cordero, Daniela"]
[Black "Boabaid, Jorge Alberto Duard"]
[Result "0-1"]
[WhiteElo "2011"]
[BlackElo "1756"]
[PlyCount "76"]
[EventDate "2022.02.12"]
[EventType "swiss"]
[EventRounds "9"]
[EventCountry "URU"]
[SourceTitle "CBM 206 Extra"]
[Source "ChessBase"]
[SourceDate "2022.03.31"]
[SourceVersion "1"]
[SourceVersionDate "2022.03.31"]
[SourceQuality "1"]

1. d4 Nf6 2. Nf3 e6 3. e3 d5 4. Bd3 Bd6 5. 0-0 b6 6. c4 0-0 7. cxd5 exd5 8. Nc3 c6 9. e4 dxe4 10. Nxe4 Be7 11. Qc2 h6 12. Rd1 Be6 13. a4 Bd5 14. a5 Nbd7 15. Bf4 Nxe4 16. Bxe4 Nf6 17. Bxd5 cxd5 18. Bc7 Qd7 19. axb6 axb6 20. Rxa8 Rxa8 21. Bxb6 Ne4 22. Bc5 Bf6 23. Nd2 Ng5 24. h3 Rc8 25. Qd3 Ne6 26. b4 Nf4 27. Qa6 Re8 28. Nf3 Qf5 29. Qf1 Nxh3+ 30. gxh3 Qxf3 31. Rd3 Qf4 32. b5 Re6 33. Qd1 Bd8 34. Qd2 Rg6+ 35. Kf1 Qh2 36. Re3 Rg1+ 37. Ke2 Bh4 38. Rf3 Qg2 0-1

[Event "Montevideo Duchamp Cup 5th"]
[Site "Montevideo"]
[Date "2022.02.12"]
[Round "1"]
[White "Cordero, Daniela"]
[Black "Rodriguez Delfino, Tiago"]
[Result "1-0"]
[WhiteElo "2011"]
[BlackElo "1470"]
[PlyCount "77"]
[EventDate "2022.02.12"]
[EventType "swiss"]
[EventRounds "9"]
[EventCountry "URU"]
[SourceTitle "CBM 206 Extra"]
[Source "ChessBase"]
[SourceDate "2022.03.31"]
[SourceVersion "1"]
[SourceVersionDate "2022.03.31"]
[SourceQuality "1"]

1. d4 Nf6 2. Nf3 g6 3. c4 Bg7 4. g3 0-0 5. Bg2 d6 6. 0-0 Nbd7 7. Nc3 e5 8. e4 b6 9. dxe5 dxe5 10. Qc2 Bb7 11. Rd1 Re8 12. Bg5 h6 13. Bxf6 Bxf6 14. Bh3 Bc8 15. Qa4 b5 16. Qxb5 Rb8 17. Qa4 c6 18. Qxc6 Rb6 19. Qd5 Nb8 20. Qxd8 Rxd8 21. Rxd8+ Bxd8 22. Bxc8 Rxb2 23. Rb1 Rc2 24. Rxb8 Rxc3 25. Bd7 Rxf3 26. Rxd8+ Kg7 27. c5 Kf6 28. c6 Rc3 29. Ra8 Ke7 30. Rxa7 Kd6 31. a4 f5 32. exf5 gxf5 33. a5 f4 34. gxf4 exf4 35. Kg2 f3+ 36. Kg3 h5 37. h4 Rc4 38. a6 Rg4+ 39. Bxg4 1-0

[Event "Florianopolis op 8th"]
[Site "Florianopolis"]
[Date "2022.01.26"]
[Round "4"]
[White "Cordero, Daniela"]
[Black "Martins de Aguiar, Marina"]
[Result "1-0"]
[WhiteElo "2011"]
[BlackElo "1793"]
[PlyCount "49"]
[EventDate "2022.01.24"]
[EventType "swiss"]
[EventRounds "10"]
[EventCountry "BRA"]
[SourceTitle "CBM 206 Extra"]
[Source "ChessBase"]
[SourceDate "2022.03.31"]
[SourceVersion "1"]
[SourceVersionDate "2022.03.31"]
[SourceQuality "1"]

1. d4 Nf6 2. Nf3 g6 3. Bg5 Bg7 4. c3 0-0 5. Nbd2 d5 6. e3 b6 7. Be2 Bb7 8. Ne5 Nbd7 9. f4 c5 10. 0-0 Rc8 11. Qe1 a6 12. Qh4 Re8 13. f5 Qc7 14. Bf4 Qd8 15. Ndf3 Ne4 16. Nxf7 Kxf7 17. Qxh7 gxf5 18. Qxf5+ Ndf6 19. Ne5+ Kg8 20. Qe6+ Kh7 21. Rf3 Rf8 22. Rh3+ Bh6 23. Qf5+ Kg8 24. Qg6+ Bg7 25. Bh6 1-0

[Event "Florianopolis op 8th"]
[Site "Florianopolis"]
[Date "2022.01.24"]
[Round "1"]
[White "De Sousa, Elizeu Santiago Tav"]
[Black "Cordero, Daniela"]
[Result "0-1"]
[WhiteElo "1428"]
[BlackElo "2011"]
[PlyCount "54"]
[EventDate "2022.01.24"]
[EventType "swiss"]
[EventRounds "10"]
[EventCountry "BRA"]
[SourceTitle "CBM 206 Extra"]
[Source "ChessBase"]
[SourceDate "2022.03.31"]
[SourceVersion "1"]
[SourceVersionDate "2022.03.31"]
[SourceQuality "1"]

1. e4 e6 2. d4 d5 3. e5 c5 4. c3 Nc6 5. Nf3 Nge7 6. Na3 a6 7. Nc2 cxd4 8. cxd4 Nf5 9. Bd3 Qa5+ 10. Bd2 Qb6 11. Bxf5 exf5 12. Rb1 a5 13. 0-0 h6 14. Ne3 Be6 15. Bc3 f4 16. Nc2 Be7 17. Bd2 g5 18. h3 h5 19. Bc3 g4 20. hxg4 hxg4 21. Nh2 f3 22. gxf3 gxf3 23. Qxf3 0-0-0 24. Kh1 Rh3 25. Qg2 Rdh8 26. f4 Bf5 27. Rf2 Be4 0-1

[Event "BOL-ch (Women)"]
[Site "Santa Cruz"]
[Date "2021.12.15"]
[Round "1"]
[White "Cordero, Daniela"]
[Black "Coro, Soledad"]
[Result "1-0"]
[WhiteElo "2007"]
[BlackElo "1774"]
[PlyCount "75"]
[EventDate "2021.12.15"]
[EventType "tourn"]
[EventRounds "7"]
[EventCountry "BOL"]
[SourceTitle "CBM 205 Extra"]
[Source "ChessBase"]
[SourceDate "2022.01.31"]
[SourceVersion "1"]
[SourceVersionDate "2022.01.31"]
[SourceQuality "1"]

1. d4 d6 2. Nf3 Nf6 3. c4 g6 4. g3 Bg7 5. Bg2 0-0 6. 0-0 c6 7. Nc3 Na6 8. e4 Nc7 9. a4 Be6 10. Qe2 Qc8 11. Rd1 Bg4 12. Qf1 Rb8 13. h3 Be6 14. Be3 d5 15. cxd5 cxd5 16. e5 Nfe8 17. Rdc1 Qd7 18. a5 h6 19. Kh2 Kh7 20. Qd3 Na6 21. Ra4 Nec7 22. b4 Rbc8 23. Bf1 Nb8 24. b5 Ne8 25. Nd2 b6 26. axb6 axb6 27. f4 Nc7 28. Ra7 Qd8 29. Na2 Bd7 30. Rb1 Bxb5 31. Rxb5 Nxb5 32. Qxb5 Rc2 33. Nb4 Rc3 34. Nxd5 Rc2 35. Bd3 Nc6 36. Ra4 Rc1 37. Nf3 Rd1 38. Be2 1-0

[Event "Online Olym Div2 E"]
[Site "Chess.com INT"]
[Date "2021.09.04"]
[Round "7.1"]
[White "Cordero, Daniela"]
[Black "Franco Valencia, Angela Maria"]
[Result "1/2-1/2"]
[WhiteElo "2010"]
[BlackElo "2089"]
[PlyCount "112"]
[EventDate "2021.09.02"]
[EventType "team (rapid)"]
[EventRounds "9"]
[EventCountry "USA"]
[SourceTitle "CBM 204 Extra"]
[Source "ChessBase"]
[SourceDate "2021.11.30"]
[SourceVersion "1"]
[SourceVersionDate "2021.11.30"]
[SourceQuality "1"]
[WhiteTeam "Bolivia"]
[BlackTeam "Colombia"]
[WhiteTeamCountry "BOL"]
[BlackTeamCountry "COL"]

1. d4 Nf6 2. Nf3 e6 3. e3 b6 4. Bd3 Bb7 5. 0-0 g6 6. c4 Bg7 7. Nc3 0-0 8. e4 d6 9. h3 c5 10. d5 exd5 11. cxd5 Ba6 12. Re1 Re8 13. Bg5 h6 14. Bh4 g5 15. Bg3 Bxd3 16. Qxd3 Nh5 17. Bh2 a6 18. e5 dxe5 19. Bxe5 Nd7 20. Bxg7 Nxg7 21. Rxe8+ Qxe8 22. Re1 Qd8 23. d6 Qf6 24. Nd5 Qxb2 25. Re7 Rd8 26. Qxa6 Nf6 27. Qb7 Nxd5 28. Qxd5 Qf6 29. Qb7 Rxd6 30. Rd7 Rxd7 31. Qxd7 Qe6 32. Qd8+ Kh7 33. a3 c4 34. Qc7 b5 35. Ne5 Kg8 36. Qb8+ Qe8 37. Qc7 Ne6 38. Qd6 c3 39. Ng4 Qf8 40. Nf6+ Kh8 41. Qe5 Qg7 42. Qxc3 Nf8 43. Qc6 Qg6 44. Qc3 Qg7 45. Ne4 Ne6 46. Qc8+ Kh7 47. Qd7 Qa1+ 48. Kh2 Qe5+ 49. Ng3 Kg6 50. Qd3+ f5 51. Qd7 f4 52. Qe8+ Kh7 53. Qf7+ Kh8 54. Qe8+ Kh7 55. Qf7+ Kh8 56. Qe8+ Kh7 1/2-1/2